Obra selecta de Tagore / (Record no. 128488)

MARC details
000 -LEADER
campo de control de longitud fija 00755nam a2200241 i 4500
001 - NÚMERO DE CONTROL
campo de control 128488
003 - IDENTIFICADOR DE NÚMERO DE CONTROL
campo de control ES-MaACL
005 - FECHA Y HORA DE LA ÚLTIMA TRANSACCIÓN
campo de control 20250719063313.0
007 - CAMPO FIJO DE DESCRIPCIÓN FÍSICA--INFORMACIÓN GENERAL
campo de control de longitud fija t|
008 - DATOS DE LONGITUD FIJA--INFORMACIÓN GENERAL
campo de control de longitud fija 070514s1975 sp |||| | cat d
020 ## - NÚMERO INTERNACIONAL ESTÁNDAR DEL LIBRO
Número Internacional Estándar del Libro 84-7202-227-7
080 ## - NÚMERO DE LA CLASIFICACIÓN DECIMAL UNIVERSAL
Número de la Clasificación Decimal Universal 891.44-14"19"
100 1# - ENTRADA PRINCIPAL--NOMBRE DE PERSONA
Nombre de persona Tagore, Rabindranath,
Fechas asociadas al nombre 1861-1941
9 (RLIN) 109071
245 10 - MENCIÓN DEL TÍTULO
Título Obra selecta de Tagore /
Mención de responsabilidad, etc. [traducció de María de Quadras].
260 ## - PUBLICACIÓN, DISTRIBUCIÓN, ETC.
Lugar de publicación, distribución, etc. Montserrat, Barcelona :
Nombre del editor, distribuidor, etc. Abadía de Montserrat,
Fecha de publicación, distribución, etc. [1975]
300 ## - DESCRIPCIÓN FÍSICA
Extensión 259 p. ;
Dimensiones 19 cm.
490 1# - MENCIÓN DE SERIE
Mención de serie Biblioteca serra d'or ;
Designación de volumen o secuencia 1
700 1# - ENTRADA AGREGADA--NOMBRE PERSONAL
Nombre de persona Quadras, María de.
9 (RLIN) 94477
710 2# - ENTRADA AGREGADA--NOMBRE DE ENTIDAD CORPORATIVA
Nombre de entidad corporativa o nombre de jurisdicción como elemento de entrada Abadía de Montserrat.
9 (RLIN) 1133
830 1# - PUNTO DE ACCESO ADICIONAL DE SERIE-TÍTULO UNIFORME
Título uniforme Biblioteca serra d'or ;
Designación de volumen o secuencia 1
9 (RLIN) 178942
852 ## - LOCALIZACIÓN
Ubicación ES-MaACL
Número de control de estantería E-7355
Holdings
Estatus retirado Estado de pérdida Estado de daño No para préstamo Biblioteca de origen Biblioteca actual Ubicación en estantería Fecha de adquisición Fuente de adquisición Total de préstamos Signatura topográfica completa Código de barras Visto por última vez Precio de reemplazo Tipo de ítem Koha
        Biblioteca del Ateneo de Madrid Biblioteca del Ateneo de Madrid Depósito 2 17/01/2008     E-7355 1133817 23/02/2023 23/02/2023 Libro impreso